2010年代に消滅した郡 - Statistics

General Stats
  • This quiz has been taken 9 times
  • The average score is 10 of 18
Answer Stats
消滅年月日 郡名 消滅時に属した町村 消滅事由 % Correct
2011.04.01 幡豆郡 一色町・吉良町・幡豆町 西尾市へ編入
100%
2011.11.11 石川郡 野々市町 単独市制施行
100%
東浅井郡 虎姫町・湖北町 長浜市へ編入
86%
2010.01.01 糸島郡 二丈町・志摩町 合併・糸島市に
71%
富士郡 芝川町 富士宮市へ編入
71%
浜名郡 新井町 湖西市へ編入
57%
北埼玉郡 騎西町・北川辺町・大利根町 合併・加須市に
57%
2010.03.31 北魚沼郡 川口町 長岡市へ編入
57%
2011.09.26 東磐井郡 藤沢町 一関市へ編入
57%
2011.10.01 簸川郡 斐川町 出雲市へ編入
57%
2018.10.01 筑紫郡 那珂川町 単独市制施行
57%
2010.03.23 宮崎郡 清武町 宮崎市へ編入
43%
上都賀郡 西方町 栃木市へ編入
43%
2010.01.04 西加茂郡 三好町 単独市制施行
29%
2010.02.01 宝飯郡 小坂井町 豊川市へ編入
29%
鹿本郡 植木町 熊本市へ編入
29%
伊香郡 高月町・木之本町・余呉町・西浅井町
14%
2011.08.01 八束郡 東出雲町 松江市へ編入
14%
No matching quizzes found
Score Distribution
Percent of People with Each Score
Percentile by Number Answered
Your Score History
You have not taken this quiz